Kompetencie prekladateľa, potrebné na vytvorenie cieľového textu

Kompetencie prekladateľa, ktoré sú nevyhnutné na vytvorenie kvalitného a originálu podobného cieľového textu. Zohľadnenie kultúry a kultúrneho pozadia východiskového aj cieľového textu.

Salvato in:
Dettagli Bibliografici
Autore principale: Seresová, Katarína, 1967-
Natura: Capitolo di libro
Lingua:slovacco
Soggetti:
Tags: Aggiungi Tag
Nessun Tag, puoi essere il primo ad aggiungerne!!

MARC

LEADER 00000nla$a2200000$$$4500
001 0149939
005 20240502072710.4
041 0 |a slo 
044 |a SK 
245 1 0 |a Kompetencie prekladateľa, potrebné na vytvorenie cieľového textu  |c Katarína Seresová 
520 |a Kompetencie prekladateľa, ktoré sú nevyhnutné na vytvorenie kvalitného a originálu podobného cieľového textu. Zohľadnenie kultúry a kultúrneho pozadia východiskového aj cieľového textu. 
610 2 0 |a prekladatelia 
610 2 0 |a preklady 
610 2 0 |a literatúra 
610 2 0 |a jazyky cudzie 
610 2 0 |a jazyk odborný 
610 2 0 |a štylistika 
610 2 0 |a kultúra 
610 2 0 |a jazykoveda 
100 1 |a Seresová, Katarína, 1967-